=LDR 00000nam 2200000 4500 =001 INLIS000000000020625 =005 20130612115553 =008 ***********************************Ind** =035 ##$$0010-061300000020625 =041 ##$$a Ind =082 ##$$a 2x4.1 =090 ##$$a 2x4.1, Lab t =100 ##$$a Labib, Ust M.Z =245 ##$$a Tuntunan shalat khusyu', Ust M.Z Labib =260 ##$$a 2005 $b Surabaya =300 ##$$a 160 hlm, ilius, 21 cm =650 ##$$a Shalat =850 ##$$a NBPNMAT